| 000 | 00335nam a22001457a 4500 | ||
|---|---|---|---|
| 003 | SGT | ||
| 020 | _a8189430025 | ||
| 082 |
_a920 _bF05N |
||
| 100 | _aNOVAK, DEVI | ||
| 245 | _aFAITH IS MY ARMOR: THE LIFE OF SWAMI KRIYANANDA | ||
| 260 |
_bANANDA SANGHA PUBLICATIONS _c2005 |
||
| 300 | _a251 | ||
| 650 | _aBIOGRAPHY | ||
| 942 |
_2ddc _cBK |
||
| 999 |
_c28330 _d28330 |
||